[Event "Challenge"]
[Site "http://www.queenalice.com/game.php?id=1860172"]
[Date "2025.7.19"]
[Round "-"]
[White "JORAM2205"]
[Black "Ron39"]
[Result "1-0"]
[WhiteElo "2278"]
[BlackElo "2294"]

1. e4 c6 2. d4 d5 3. exd5 cxd5 4. c4 Nf6 5. Nc3 Nc6 6. Bg5 dxc4 7. d5 Ne5 8. Qd4
Nd3+ 9. Bxd3 cxd3 10. Nf3 e6 11. Qxd3 Be7 12. O-O-O exd5 13. Bxf6 Bxf6 14. Qb5+
Qd7 15. Rhe1+ Kf8 16. Qxd7 Bxd7 17. Nxd5 Rc8+ 18. Kb1 Bf5+ 19. Ka1 Bd8 20. Nd4
Bd7 21. Nb3 Be6 22. Re5 g6 23. Nd4 Bxd5 24. Rxd5 Bf6 25. a3 Kg7 26. Rd7 Rhd8 27.
Ne6+ Kh6 28. Nxd8 1-0

[Event "Challenge"]
[Site "http://www.queenalice.com/game.php?id=1861851"]
[Date "2025.8.21"]
[Round "-"]
[White "bonow"]
[Black "JORAM2205"]
[Result "0-1"]
[WhiteElo "2185"]
[BlackElo "2299"]

1. d4 d5 2. Nf3 Nf6 3. Bg5 Ne4 4. Bf4 c5 5. c3 Qb6 6. Qb3 Qxb3 7. axb3 f6 8. e3
e5 9. Bg3 Nc6 10. Bb5 Nxg3 11. hxg3 e4 12. Nh4 Kf7 13. f4 Bd7 14. Be2 cxd4 15.
cxd4 Nb4 0-1

[Event "Challenge"]
[Site "http://www.queenalice.com/game.php?id=1861855"]
[Date "2025.8.21"]
[Round "-"]
[White "JORAM2205"]
[Black "bonow"]
[Result "1-0"]
[WhiteElo "2290"]
[BlackElo "2194"]

1. e4 c5 2. Nf3 Nc6 3. d4 cxd4 4. Nxd4 e5 5. Nb5 Nf6 6. N1c3 d6 7. Bg5 Be7 8.
Bxf6 Bxf6 9. Nxd6+ Ke7 10. Nxc8+ Rxc8 11. Nd5+ Ke6 12. Be2 h5 13. Bxh5 g6 14.
Bg4+ 1-0

[Event "Challenge"]
[Site "http://www.queenalice.com/game.php?id=1862656"]
[Date "2025.9.7"]
[Round "-"]
[White "JORAM2205"]
[Black "adsymil"]
[Result "0-1"]
[WhiteElo "2308"]
[BlackElo "2326"]

1. d4 d5 2. c4 c6 3. Nc3 Nf6 4. Nf3 e6 5. e3 Bd6 6. Bd3 O-O 7. O-O Nbd7 8. e4
dxc4 9. Bxc4 e5 10. Bg5 exd4 11. Qxd4 Bc7 12. Rad1 Qe7 13. Qe3 h6 14. Bf4 Ng4
15. Qc1 Nde5 16. Nxe5 Nxe5 17. Bb3 Bg4 18. f3 Be6 19. Bxe6 Qxe6 20. Be3 Qe7 21.
f4 Ng4 22. Bd4 Rfd8 23. Kh1 Rxd4 24. Rxd4 Qh4 25. h3 Nf2+ 26. Kg1 Nxh3+ 27. gxh3
Qg3+ 28. Kh1 Qxh3+ 29. Kg1 Bb6 30. Rd1 Rd8 31. Ne2 Rd6 32. Qc4 Rg6+ 33. Kf2 Rg2+
34. Ke1 Qe3 35. Rd8+ Kh7 36. Rh8+ Kxh8 37. Rd8+ Bxd8 38. Kd1 Ba5 39. b4 Bxb4 40.
Kc2 Rxe2+ 0-1

[Event "Challenge"]
[Site "http://www.queenalice.com/game.php?id=1862682"]
[Date "2025.9.7"]
[Round "-"]
[White "adsymil"]
[Black "JORAM2205"]
[Result "1-0"]
[WhiteElo "2337"]
[BlackElo "2297"]

1. d4 Nf6 2. c4 g6 3. Nf3 Bg7 4. Nc3 O-O 5. e4 d6 6. Be2 e5 7. d5 Nbd7 8. Be3
Nc5 9. Nd2 Bd7 10. b4 Na6 11. a3 Qc8 12. O-O Ng4 13. Bg5 h6 14. Bh4 f5 15. exf5
Bxf5 16. Nce4 Bxe4 17. Nxe4 Nxh2 18. Kxh2 Rf4 19. Bd3 Rxh4+ 20. Kg1 Qd7 21. g3
Rh3 22. Rc1 Rf8 23. Be2 h5 24. Bf3 Bf6 25. Bg2 Be7 26. Rc3 b6 27. Qd2 Kg7 28.
Qe2 Nb8 29. Re1 g5 30. Qd2 Kh6 31. Qe2 Kg7 32. c5 bxc5 33. bxc5 a5 34. cxd6 cxd6
35. Rb1 Qg4 36. Qxg4 hxg4 37. Bxh3 gxh3 38. Rc7 Rf7 39. Rxb8 Bf6 40. Rbb7 Rxc7
41. Rxc7+ Kg6 42. Nxd6 Bd8 43. Rd7 Bb6 44. Nc4 Bd4 45. g4 e4 46. Nxa5 Bc5 47.
Nc4 Kf6 48. Rh7 Bd4 49. Rxh3 1-0

[Event "Challenge"]
[Site "http://www.queenalice.com/game.php?id=1864123"]
[Date "2025.10.12"]
[Round "-"]
[White "JORAM2205"]
[Black "tariann"]
[Result "1-0"]
[WhiteElo "2286"]
[BlackElo "2317"]

1. Nf3 d5 2. d4 Nc6 3. c4 e6 4. Nc3 Nf6 5. Bg5 Be7 6. e3 O-O 7. Rc1 h6 8. cxd5
exd5 9. Bh4 Re8 10. Bb5 Bf8 11. Bxf6 gxf6 12. O-O Bg4 13. Na4 Qd6 14. Nc5 Rab8
15. Nxb7 1-0

[Event "Challenge"]
[Site "http://www.queenalice.com/game.php?id=1864337"]
[Date "2025.10.16"]
[Round "-"]
[White "jogo"]
[Black "JORAM2205"]
[Result "0-1"]
[WhiteElo "1797"]
[BlackElo "2300"]

1. e4 c5 2. Nf3 d6 3. c3 Nf6 4. e5 dxe5 5. Nxe5 Qd5 6. f4 Qe4+ 7. Be2 Qxf4 8. d4
Qh4+ 9. g3 Qh3 10. Bf1 Qf5 11. Bc4 Qe4+ 12. Kf2 Ng4+ 13. Nxg4 Bxg4 14. Bd3 Qe6
15. Be2 Bxe2 16. Qxe2 Qf5+ 17. Qf3 Qxf3+ 18. Kxf3 cxd4 19. cxd4 Nc6 20. Be3 Rd8
21. Rd1 Ne5+ 22. Ke2 Ng4 23. Bg1 h5 24. h3 Nf6 25. Nc3 b6 26. Nb5 Nd5 27. Nc3
Nxc3+ 28. bxc3 e6 29. g4 hxg4 0-1

[Event "Challenge"]
[Site "http://www.queenalice.com/game.php?id=1864338"]
[Date "2025.10.16"]
[Round "-"]
[White "JORAM2205"]
[Black "jogo"]
[Result "1-0"]
[WhiteElo "2299"]
[BlackElo "1911"]

1. e4 c5 2. Nf3 d6 3. d4 cxd4 4. Nxd4 Nf6 5. Nc3 a6 6. Be2 b5 7. O-O b4 8. Nd5
Nxd5 9. exd5 Bb7 10. Bf3 h6 11. Re1 g6 12. Bd2 a5 13. c3 Bg7 14. Qa4+ Qd7 15.
Nc6 Nxc6 16. dxc6 1-0

[Event "Challenge"]
[Site "http://www.queenalice.com/game.php?id=1865709"]
[Date "2025.11.18"]
[Round "-"]
[White "luhosavi"]
[Black "JORAM2205"]
[Result "0-1"]
[WhiteElo "2288"]
[BlackElo "2325"]

1. d4 Nf6 2. Nf3 e6 3. e3 c5 4. Bd3 b6 5. O-O Bb7 6. Nbd2 Be7 7. b3 O-O 8. Bb2
d6 9. c4 Nbd7 10. Rc1 Qc7 11. e4 cxd4 12. Nxd4 Nc5 13. Qe2 Nxd3 14. Qxd3 Qc5 15.
a3 Kh8 16. b4 Qg5 17. f4 Qh4 18. Rf3 a5 19. b5 Rac8 20. a4 Ng4 21. h3 Nf6 22. g4
Rc5 23. N4b3 Rcc8 24. Bxf6 Qxf6 25. c5 Rxc5 26. Nxc5 dxc5 27. Qd7 Bc8 28. g5
Bxd7 0-1

[Event "Challenge"]
[Site "http://www.queenalice.com/game.php?id=1865758"]
[Date "2025.11.19"]
[Round "-"]
[White "JORAM2205"]
[Black "luhosavi"]
[Result "1-0"]
[WhiteElo "2313"]
[BlackElo "2300"]

1. d4 Nf6 2. c4 e6 3. Nf3 Bb4+ 4. Bd2 Bxd2+ 5. Qxd2 O-O 6. g3 Nc6 7. Nc3 d5 8.
Rc1 dxc4 9. e4 Na5 10. Ne5 a6 11. Be2 b5 12. O-O Bb7 13. Nf3 Nc6 14. a3 h6 15.
Rc2 Qe7 16. e5 Nd7 17. Qf4 f6 18. Qe3 fxe5 19. dxe5 Rad8 20. Rd1 Qc5 21. Qxc5
Nxc5 22. Rcd2 Rxd2 23. Rxd2 Ne7 24. Nd4 Rd8 25. Rd1 Nd5 26. Nxd5 Rxd5 27. f4 Kf7
28. Bg4 1-0

[Event "Challenge"]
[Site "http://www.queenalice.com/game.php?id=1870069"]
[Date "2026.3.4"]
[Round "-"]
[White "JORAM2205"]
[Black "Marini"]
[Result "0-1"]
[WhiteElo "2374"]
[BlackElo "2298"]

1. d4 Nc6 2. Nf3 d6 3. c4 e5 4. Nc3 exd4 5. Nxd4 Nxd4 6. Qxd4 Ne7 7. Bd2 Nc6 8.
Qe4+ Be7 9. Nd5 O-O 10. O-O-O Re8 11. h4 Bg5 12. Qc2 Bxd2+ 13. Rxd2 a5 14. c5
Nb4 15. Nxb4 axb4 16. cxd6 Rxa2 17. Qxc7 b3 18. Rd3 Ra1+ 19. Kd2 Qf6 20. Rxb3
Qd4+ 21. Rd3 Qxb2+ 22. Qc2 Qb4+ 23. Qc3 Qf4+ 24. Re3 Qxd6+ 25. Rd3 Qf4+ 26. Re3
Rd8+ 27. Kc2 Bf5+ 28. Rd3 Qc1+ 29. Kb3 Rb1+ 30. Kc4 Qf4+ 31. Qd4 Rc8+ 0-1

[Event "Challenge"]
[Site "http://www.queenalice.com/game.php?id=1870124"]
[Date "2026.3.5"]
[Round "-"]
[White "Marini"]
[Black "JORAM2205"]
[Result "1-0"]
[WhiteElo "2312"]
[BlackElo "2360"]

1. e4 c5 2. Nf3 Nc6 3. c3 d5 4. exd5 Qxd5 5. Qb3 Nf6 6. Na3 e5 7. Bc4 Qe4+ 8.
Be2 Qd5 9. d3 Qxb3 10. axb3 Be6 11. Nc4 Be7 12. Nfxe5 Nxe5 13. Nxe5 Bxb3 14. c4
O-O 15. Ra3 Bc2 16. Kd2 Bb1 17. Ra1 Bd6 18. f4 Ne4+ 19. Ke3 Bxd3 20. Bxd3 Nf6
21. Kf3 Rfe8 22. Ng4 Nh5 23. Be4 Re7 24. Rd1 Bc7 25. Bxb7 Rae8 26. Bc6 Rd8 27.
Rxd8+ Bxd8 28. Be3 Bb6 29. b4 Rxe3+ 30. Nxe3 1-0

[Event "Challenge"]
[Site "http://www.queenalice.com/game.php?id=1871948"]
[Date "2026.4.14"]
[Round "-"]
[White "JORAM2205"]
[Black "Marini"]
[Result "0-1"]
[WhiteElo "2335"]
[BlackElo "2338"]

1. e4 Nc6 2. d4 Nf6 3. e5 Nd5 4. c4 Nb6 5. Nf3 d6 6. e6 fxe6 7. Ng5 e5 8. d5 Nd4
9. Bd3 g6 10. Nxh7 Bf5 11. Bxf5 gxf5 12. Qh5+ Kd7 13. Na3 Bg7 14. Be3 Qg8 15.
Bxd4 Qxh7 16. Qxh7 Rxh7 17. Be3 Na4 18. O-O-O Rg8 19. b3 Nc3 20. Rde1 Nxa2+ 21.
Kb1 Nb4 22. h4 Bf6 23. g3 f4 24. gxf4 exf4 25. Bxa7 b6 26. h5 Nd3 27. Re2 f3 28.
Rd2 Rxh5 29. Rf1 Nc5 30. b4 Ne4 31. Rd3 Rh3 32. Nb5 Rg2 33. Bb8 Nxf2 34. Re3
Rhh2 35. Nc3 Nd3 36. Rxd3 Rb2+ 37. Kc1 Bg5+ 38. Kd1 Rbc2 39. Ne2 fxe2+ 40. Kxc2
exf1=Q+ 0-1

[Event "Challenge"]
[Site "http://www.queenalice.com/game.php?id=1871949"]
[Date "2026.4.14"]
[Round "-"]
[White "Marini"]
[Black "JORAM2205"]
[Result "1-0"]
[WhiteElo "2325"]
[BlackElo "2348"]

1. e4 e5 2. Nf3 Nc6 3. Bb5 a6 4. Ba4 Nf6 5. d4 exd4 6. e5 Ne4 7. O-O b5 8. Bb3
d5 9. exd6 Bxd6 10. Qe2 f5 11. Nbd2 Qe7 12. Nxe4 fxe4 13. Bg5 exf3 14. Qxf3 Qd7
15. Rae1+ Be5 16. Rxe5+ Nxe5 17. Re1 Qe6 18. Rxe5 Ra7 19. Qc6+ Bd7 20. Rxe6+ Kf8
21. Qxd7 Ra8 22. Qe7+ Kg8 23. Rf6# 1-0

[Event "Challenge"]
[Site "http://www.queenalice.com/game.php?id=1874177"]
[Date "2026.5.30"]
[Round "-"]
[White "JJerzy"]
[Black "JORAM2205"]
[Result "0-1"]
[WhiteElo "2254"]
[BlackElo "2355"]

1. d4 Nf6 2. c4 e6 3. Nc3 Bb4 4. Qc2 O-O 5. Nf3 c5 6. a3 Bxc3+ 7. Qxc3 cxd4 8.
Nxd4 d6 9. g3 e5 10. Nc2 Bf5 11. Bg2 Qd7 12. O-O Nc6 13. Ne3 Nd4 14. Re1 Ne4 15.
Bxe4 Bxe4 16. f3 Bg6 17. Kg2 Rac8 18. a4 f5 19. f4 Qc6+ 20. Kf2 Qe4 21. Qd3 exf4
22. Qxe4 fxe4 23. gxf4 Rxf4+ 24. Kg3 Rf7 25. b4 Bh5 26. Ra2 d5 27. Rd2 Nxe2+ 28.
Kh4 d4 29. Kxh5 Nf4+ 30. Kg4 dxe3 31. Rxe3 Nd3 32. Rc2 Nxb4 33. Rcc3 Nd3 34. Ba3
Nf2+ 35. Kg3 Nd1 36. Bc1 Rc6 0-1

[Event "Challenge"]
[Site "http://www.queenalice.com/game.php?id=1874182"]
[Date "2026.5.30"]
[Round "-"]
[White "JORAM2205"]
[Black "JJerzy"]
[Result "1-0"]
[WhiteElo "2345"]
[BlackElo "2264"]

1. e4 c5 2. Nf3 d6 3. d4 cxd4 4. Nxd4 Nf6 5. Nc3 a6 6. Bc4 Bg4 7. f3 Bd7 8. Be3
Nc6 9. Nxc6 bxc6 10. Qe2 e6 11. Bxa6 Be7 12. O-O O-O 13. a4 c5 14. Bc4 d5 15.
exd5 exd5 16. Bxd5 Nxd5 17. Nxd5 Rxa4 18. Rxa4 Bxa4 19. Rd1 Qe8 20. Qf2 1-0